| 000 | 00495nam a2200169 i 4500 | ||
|---|---|---|---|
| 001 | 89191 | ||
| 003 | ES-MaACL | ||
| 005 | 20230906180117.0 | ||
| 007 | t| | ||
| 008 | 050105s1979 sp ||||1| spa d | ||
| 100 | 1 |
_aLarburu Arrizabalaga, Nicolas. _970227 |
|
| 245 | 1 | 0 |
_aCalderería técnica / _cNicolás Larburu. |
| 260 |
_aMadrid : _bParaninfo, _c1979. |
||
| 300 |
_a371 p., 10 lám. : _bil. ; _c32 cm. |
||
| 505 | 8 | _aContiene: 2. Trazados especiales | |
| 852 |
_aES-MaACL _jC-22339 _bR.99737 |
||
| 999 |
_c89191 _d89191 |
||